000
00212 a2200097 4500
001
2356
100
_a
Wiech, R E
245
_a
Fundamentals physics of gases No.7
260
_a
_b
Princeton
_c
090
_c
1712
_d
1712
942
_a
NUST-CAE
_c
M
_c
7914
999
_c
237429
_d
237429